[Event "18. Obert Int. Sant Marti 2016 - B"]
[Site "Barcelona ESP"]
[Date "2016.07.13"]
[Round "1.42"]
[White "Julia Yebra, David"]
[Black "Castillo Dalmau, Arnau"]
[Result "0-1"]
[WhiteElo "1822"]
[BlackElo "1418"]
[PlyCount "96"]
[EventDate "2016.07.13"]
[EventType "swiss"]
[EventRounds "9"]
[EventCountry "ESP"]
[SourceTitle "Ajedrez en Madrid"]
[Source "lmi"]
[SourceDate "2016.07.13"]
[SourceVersion "1"]
[SourceVersionDate "2019.06.21"]
[SourceQuality "1"]

1. c4 e5 2. Nc3 Nc6 3. g3 f5 4. Bg2 Nf6 5. d3 Bc5 6. e3 O-O 7. Nge2 a6 8. O-O
d6 9. a3 Qe8 10. b4 Ba7 11. Nd5 Nxd5 12. Bxd5+ Kh8 13. Bg2 Be6 14. Qc2 Rb8 15.
Bb2 Rf6 16. d4 Bd7 17. Qc3 exd4 18. Nxd4 Nxd4 19. exd4 Qf7 20. Rfe1 Re6 21.
Rxe6 Bxe6 22. d5 Bd7 23. Re1 Re8 24. Bf3 Rxe1+ 25. Qxe1 Qe8 26. Qc3 Qe7 27. h4
Kg8 28. Bh5 c6 29. c5 dxc5 30. d6 Qf6 31. Qd2 Qh6 32. Qe1 Qxh5 33. Qe7 Qf7 34.
Qd8+ Be8 35. bxc5 Bxc5 36. Be5 Qd7 37. Qa5 Bxd6 38. Bxd6 Qxd6 39. Qxf5 Qf6 40.
Qb1 b5 41. Qb3+ Bf7 42. Qe3 Qe6 43. Qb6 Qc8 44. Qc5 a5 45. Kf1 h6 46. Kg1 Bd5
47. Kh2 Qf5 48. Kg1 Qh3 0-1

[Event "18. Obert Int. Sant Marti 2016 - B"]
[Site "Barcelona ESP"]
[Date "2016.07.13"]
[Round "1.43"]
[White "Castro Estrella, Joan Gabriel"]
[Black "Volart Buil, Jordi"]
[Result "0-1"]
[WhiteElo "1414"]
[BlackElo "1819"]
[PlyCount "76"]
[EventDate "2016.07.13"]
[EventType "swiss"]
[EventRounds "9"]
[EventCountry "ESP"]
[SourceTitle "Ajedrez en Madrid"]
[Source "lmi"]
[SourceDate "2016.07.13"]
[SourceVersion "1"]
[SourceVersionDate "2019.06.21"]
[SourceQuality "1"]

1. b4 e5 2. Bb2 d6 3. e3 Nf6 4. Nf3 Be7 5. Be2 O-O 6. O-O Bf5 7. d3 Nbd7 8. e4
Bg6 9. c4 c5 10. b5 a6 11. a4 axb5 12. axb5 Rxa1 13. Bxa1 Qa5 14. Bb2 Ra8 15.
Qc1 Ne8 16. Bc3 Qa2 17. Bb2 Nb6 18. Nc3 Qa7 19. Bd1 f5 20. Re1 Nc7 21. Bb3 Ne6
22. Nd5 Nxd5 23. cxd5 Nd4 24. Nxd4 cxd4 25. Qc7 b6 26. Rc1 fxe4 27. dxe4 Bxe4
28. Rc6 Qa5 29. h3 Qe1+ 30. Kh2 Qxf2 31. Rc2 Bxc2 32. Bxc2 Bg5 33. Bxh7+ Kxh7
34. Bc1 Bf4+ 35. Bxf4 Qxf4+ 36. g3 Qf2+ 37. Kh1 Ra1+ 38. Qc1 Rxc1# 0-1

[Event "18. Obert Int. Sant Marti 2016 - B"]
[Site "Barcelona ESP"]
[Date "2016.07.13"]
[Round "1.46"]
[White "Colom Andres, Xavier"]
[Black "Moreno Oller, Victor"]
[Result "1-0"]
[WhiteElo "1812"]
[BlackElo "1380"]
[PlyCount "91"]
[EventDate "2016.07.13"]
[EventType "swiss"]
[EventRounds "9"]
[EventCountry "ESP"]
[SourceTitle "Ajedrez en Madrid"]
[Source "lmi"]
[SourceDate "2016.07.13"]
[SourceVersion "1"]
[SourceVersionDate "2019.06.21"]
[SourceQuality "1"]

1. d4 Nf6 2. Nf3 g6 3. c4 Bg7 4. g3 O-O 5. Bg2 d6 6. O-O Nbd7 7. Nc3 e5 8. dxe5
Nxe5 9. Nxe5 dxe5 10. Bg5 h6 11. Qxd8 Rxd8 12. Bxf6 Bxf6 13. Nd5 Bg7 14. Nxc7
Rb8 15. Rad1 Bd7 16. Rd2 Rbc8 17. Nb5 Bxb5 18. Rxd8+ Rxd8 19. cxb5 b6 20. Rc1
Rd2 21. Rc8+ Bf8 22. Rc7 Rxb2 23. Bd5 g5 24. Rxf7 Rxb5 25. Bc4 Rb4 26. Rc7+ Kh8
27. Bb3 a5 28. Ra7 Bc5 29. Kg2 Rd4 30. Kf1 a4 31. Bxa4 b5 32. Ra8+ Kg7 33. Bxb5
Rb4 34. a4 Rb1+ 35. Kg2 Rb4 36. Ra6 Bd4 37. Bd3 Kf7 38. a5 Ra4 39. Kf3 g4+ 40.
Kg2 e4 41. Bc2 Ra3 42. Bxe4 Bc3 43. Ra7+ Ke6 44. a6 Ke5 45. Bd3 Bd4 46. Rh7 1-0

[Event "18. Obert Int. Sant Marti 2016 - B"]
[Site "Barcelona ESP"]
[Date "2016.07.13"]
[Round "1.47"]
[White "Cano Vila, Eduard"]
[Black "Franzoni Ladron, Enric"]
[Result "0-1"]
[WhiteElo "1353"]
[BlackElo "1811"]
[PlyCount "50"]
[EventDate "2016.07.13"]
[EventType "swiss"]
[EventRounds "9"]
[EventCountry "ESP"]
[SourceTitle "Ajedrez en Madrid"]
[Source "lmi"]
[SourceDate "2016.07.13"]
[SourceVersion "1"]
[SourceVersionDate "2019.06.21"]
[SourceQuality "1"]

1. e4 c5 2. Nc3 Nc6 3. f4 g6 4. Nf3 Bg7 5. Bc4 e6 6. O-O Nge7 7. d3 O-O 8. Qe1
d5 9. Bb3 b6 10. Qh4 Nd4 11. Nxd4 cxd4 12. Ne2 dxe4 13. dxe4 Ba6 14. f5 exf5
15. Bg5 Qd7 16. Bxe7 Rfe8 17. Bf6 Rxe4 18. Qxe4 fxe4 19. Bxg7 Bxe2 20. Rxf7
Qxf7 21. Bxf7+ Kxg7 22. Bd5 Re8 23. Re1 d3 24. Bc4 d2 25. Rxe2 d1=Q+ 0-1

[Event "18. Obert Int. Sant Marti 2016 - B"]
[Site "Barcelona ESP"]
[Date "2016.07.13"]
[Round "1.48"]
[White "Arroyo Mateo, Jose Miguel"]
[Black "Antequera Garcia, Luis"]
[Result "0-1"]
[WhiteElo "1811"]
[BlackElo "1333"]
[PlyCount "40"]
[EventDate "2016.07.13"]
[EventType "swiss"]
[EventRounds "9"]
[EventCountry "ESP"]
[SourceTitle "Ajedrez en Madrid"]
[Source "lmi"]
[SourceDate "2016.07.13"]
[SourceVersion "1"]
[SourceVersionDate "2019.06.21"]
[SourceQuality "1"]

1. c4 e5 2. g3 Nf6 3. Bg2 Nc6 4. Nc3 Bc5 5. e3 Ne7 6. a3 d5 7. b4 d4 8. Na4
dxe3 9. Nxc5 exf2+ 10. Kf1 fxg1=Q+ 11. Rxg1 Qd4 12. Rb1 Ng4 13. Qe2 Nxh2+ 14.
Ke1 Qxg1+ 15. Bf1 Qxg3+ 16. Qf2 Qxf2+ 17. Kxf2 Nxf1 18. Kxf1 Bf5 19. d3 b6 20.
Na6 Bxd3+ 0-1

[Event "18. Obert Int. Sant Marti 2016 - B"]
[Site "Barcelona ESP"]
[Date "2016.07.13"]
[Round "1.49"]
[White "Cassi De La Viuda, Alex"]
[Black "Pujal Moncho, Joaquim"]
[Result "0-1"]
[WhiteElo "1330"]
[BlackElo "1805"]
[PlyCount "110"]
[EventDate "2016.07.13"]
[EventType "swiss"]
[EventRounds "9"]
[EventCountry "ESP"]
[SourceTitle "Ajedrez en Madrid"]
[Source "lmi"]
[SourceDate "2016.07.13"]
[SourceVersion "1"]
[SourceVersionDate "2019.06.21"]
[SourceQuality "1"]

1. e4 d5 2. exd5 Qxd5 3. Nc3 Qa5 4. Nf3 Bg4 5. h3 Bh5 6. Be2 Nf6 7. d3 e6 8. a3
c6 9. Bd2 Qc7 10. O-O Bd6 11. Nh4 Bxe2 12. Qxe2 O-O 13. Bg5 Be7 14. Nf3 Nbd7
15. Ne4 Qd8 16. Rfd1 Re8 17. Nxf6+ Bxf6 18. Bxf6 Qxf6 19. Rab1 Rad8 20. Qe3 a6
21. c3 Nf8 22. Qb6 Rd7 23. d4 Ng6 24. Ne5 Rde7 25. Rbc1 Nf4 26. Ng4 Qg6 27. Ne3
Ne2+ 28. Kf1 Nxc1 29. Rxc1 Qd3+ 30. Kg1 Qb5 31. Qxb5 axb5 32. Ng4 f6 33. Re1
Kf7 34. f4 b6 35. Kh2 Rd8 36. Re2 c5 37. dxc5 bxc5 38. Ne3 c4 39. a4 bxa4 40.
Nxc4 Rb7 41. g3 Rbd7 42. Kg2 Rd5 43. Kf2 Rc5 44. Nb6 a3 45. bxa3 Rxc3 46. a4
Rcd3 47. Nc4 R3d4 48. Rc2 Ke7 49. Ke2 Rc8 50. Na3 Rxc2+ 51. Nxc2 Rxa4 52. Kf3
Rc4 53. Ne3 Rc3 54. Ke2 Ra3 55. Nc4 Rxg3 0-1

[Event "18. Obert Int. Sant Marti 2016 - B"]
[Site "Barcelona ESP"]
[Date "2016.07.13"]
[Round "1.50"]
[White "Quero Ortega, Juan"]
[Black "Martos Amiguet, Valentina"]
[Result "1-0"]
[WhiteElo "1805"]
[BlackElo "1312"]
[PlyCount "123"]
[EventDate "2016.07.13"]
[EventType "swiss"]
[EventRounds "9"]
[EventCountry "ESP"]
[SourceTitle "Ajedrez en Madrid"]
[Source "lmi"]
[SourceDate "2016.07.13"]
[SourceVersion "1"]
[SourceVersionDate "2019.06.21"]
[SourceQuality "1"]

1. c4 c5 2. Nf3 Nf6 3. g3 g6 4. Bg2 Bg7 5. O-O d6 6. Nc3 Nc6 7. d3 Bd7 8. Bd2
O-O 9. Qc1 Qc8 10. Bh6 Bh3 11. Bxg7 Kxg7 12. Qg5 Bxg2 13. Kxg2 Qg4 14. Qxg4
Nxg4 15. h3 Nf6 16. e4 e5 17. a3 a6 18. Rfb1 a5 19. Nb5 Rfd8 20. Kf1 Na7 21.
Nxa7 Rxa7 22. Ng1 Nd7 23. Ne2 Nb8 24. Nc3 Nc6 25. Nb5 Raa8 26. Ke2 h6 27. Rf1
Nd4+ 28. Nxd4 exd4 29. g4 Rab8 30. a4 Rf8 31. f4 Rbe8 32. f5 gxf5 33. Rxf5 Re5
34. Raf1 Rxf5 35. Rxf5 Re8 36. Kf3 Re5 37. Kf4 Rxf5+ 38. Kxf5 b6 39. h4 h5 40.
gxh5 Kh6 41. Kf6 Kh7 42. Kxf7 Kh6 43. Ke6 Kxh5 44. Kxd6 Kxh4 45. e5 Kg4 46. e6
Kf3 47. e7 Ke2 48. e8=Q+ Kd1 49. Kc6 Kc2 50. Qe4 Kb3 51. Kxb6 Ka2 52. Kxc5 Kb3
53. Kb5 Ka2 54. Kxa5 Kb3 55. Qxd4 Ka2 56. b4 Ka3 57. b5 Ka2 58. b6 Ka3 59. b7
Kb3 60. b8=Q+ Kc2 61. Qbb2+ Kd1 62. Qg1# 1-0

[Event "18. Obert Int. Sant Marti 2016 - B"]
[Site "Barcelona ESP"]
[Date "2016.07.13"]
[Round "1.52"]
[White "Lozano Ruiz, David"]
[Black "Martimpe Burgues, Xavier"]
[Result "1-0"]
[WhiteElo "1796"]
[BlackElo "1219"]
[PlyCount "81"]
[EventDate "2016.07.13"]
[EventType "swiss"]
[EventRounds "9"]
[EventCountry "ESP"]
[SourceTitle "Ajedrez en Madrid"]
[Source "lmi"]
[SourceDate "2016.07.13"]
[SourceVersion "1"]
[SourceVersionDate "2019.06.21"]
[SourceQuality "1"]

1. d4 d5 2. Bf4 Nc6 3. e3 Nf6 4. Nd2 Bf5 5. c3 e6 6. Ngf3 Bd6 7. Ne5 Bxe5 8.
dxe5 Ne4 9. f3 Nc5 10. Nb3 Na4 11. Qd2 O-O 12. O-O-O Qe7 13. g4 Bg6 14. h4 h6
15. h5 Bh7 16. Bd3 Bxd3 17. Qxd3 f6 18. exf6 Qxf6 19. Rdf1 Rac8 20. Qb5 Nb6 21.
Nc5 a6 22. Qe2 Nc4 23. Nd7 Qf7 24. Nxf8 Qxf8 25. Rhg1 e5 26. Bg3 b5 27. Be1 Qc5
28. Bd2 b4 29. cxb4 Nxb4 30. Bxb4 Qxb4 31. b3 Qa3+ 32. Kb1 Rb8 33. Rg2 a5 34.
Qd3 a4 35. Qxd5+ Kh8 36. Qxc4 axb3 37. Ka1 b2+ 38. Kb1 Qxe3 39. Rxb2 Rd8 40.
Qe4 Rd4 41. Qxe3 1-0

[Event "18. Obert Int. Sant Marti 2016 - B"]
[Site "Barcelona ESP"]
[Date "2016.07.13"]
[Round "1.53"]
[White "Alquezar Calpena, Marc"]
[Black "Orts Gonzalez, Rafael"]
[Result "1-0"]
[WhiteElo "1792"]
[BlackElo "1191"]
[PlyCount "27"]
[EventDate "2016.07.13"]
[EventType "swiss"]
[EventRounds "9"]
[EventCountry "ESP"]
[SourceTitle "Ajedrez en Madrid"]
[Source "lmi"]
[SourceDate "2016.07.13"]
[SourceVersion "1"]
[SourceVersionDate "2019.06.21"]
[SourceQuality "1"]

1. e4 e5 2. Nf3 d6 3. d4 Nd7 4. Bc4 h6 5. dxe5 dxe5 6. O-O Bd6 7. Nc3 Ne7 8.
Be3 c5 9. Qxd6 Qa5 10. Nb5 Kd8 11. Nxe5 Rf8 12. Bxc5 Re8 13. Rfd1 a6 14. Nxf7#
1-0

[Event "18. Obert Int. Sant Marti 2016 - B"]
[Site "Barcelona ESP"]
[Date "2016.07.13"]
[Round "1.54"]
[White "Moya Nunez, Salvador"]
[Black "Salazar Navas, Josep"]
[Result "1-0"]
[WhiteElo "1175"]
[BlackElo "1790"]
[PlyCount "49"]
[EventDate "2016.07.13"]
[EventType "swiss"]
[EventRounds "9"]
[EventCountry "ESP"]
[SourceTitle "Ajedrez en Madrid"]
[Source "lmi"]
[SourceDate "2016.07.13"]
[SourceVersion "1"]
[SourceVersionDate "2019.06.21"]
[SourceQuality "1"]

1. e4 d5 2. exd5 Nf6 3. Bb5+ Bd7 4. Bc4 b5 5. Bb3 Bg4 6. f3 Bc8 7. Nc3 b4 8.
Ne4 Nxd5 9. d3 g6 10. Ne2 Bg7 11. O-O O-O 12. Rb1 Bb7 13. Bxd5 Qxd5 14. c4 Qc6
15. Qc2 e5 16. Be3 Nd7 17. Rfd1 a5 18. d4 f5 19. d5 Qa6 20. Ng5 Bh6 21. Bc1
Qb6+ 22. Kh1 f4 23. Ne6 Rfe8 24. c5 Rxe6 25. cxb6 1-0

[Event "18. Obert Int. Sant Marti 2016 - B"]
[Site "Barcelona ESP"]
[Date "2016.07.13"]
[Round "1.55"]
[White "Perez Ramirez, Placido"]
[Black "Martinez Hernandez, Emili"]
[Result "0-1"]
[WhiteElo "1211"]
[BlackElo "1796"]
[PlyCount "74"]
[EventDate "2016.07.13"]
[EventType "swiss"]
[EventRounds "9"]
[EventCountry "ESP"]
[SourceTitle "Ajedrez en Madrid"]
[Source "lmi"]
[SourceDate "2016.07.13"]
[SourceVersion "1"]
[SourceVersionDate "2019.06.21"]
[SourceQuality "1"]

1. e4 e6 2. d4 d5 3. e5 c5 4. c3 Bd7 5. Nf3 Qb6 6. Be2 Bb5 7. Na3 Bxe2 8. Qxe2
cxd4 9. cxd4 Bxa3 10. bxa3 Nc6 11. Be3 Qa5+ 12. Bd2 Qxa3 13. Qb5 Qa6 14. Qxa6
bxa6 15. O-O Nge7 16. Rfc1 O-O 17. Rab1 Rab8 18. Rxb8 Rxb8 19. Bc3 h6 20. h3
Rb6 21. Nd2 a5 22. Nb3 a4 23. Nc5 a3 24. Na4 Rb5 25. g4 Na5 26. Nc5 Nc4 27. Nd3
Nc6 28. f4 a5 29. f5 Nb4 30. Nxb4 axb4 31. Rb1 bxc3 32. Rxb5 c2 33. fxe6 c1=Q+
34. Kg2 Qf4 35. e7 Ne3+ 36. Kh1 Qf1+ 37. Kh2 Qg2# 0-1

[Event "18. Obert Int. Sant Marti 2016 - B"]
[Site "Barcelona ESP"]
[Date "2016.07.13"]
[Round "1.56"]
[White "Molinas Garcia, Francisco"]
[Black "Minko, Aleksandr"]
[Result "1-0"]
[WhiteElo "1786"]
[BlackElo "1145"]
[PlyCount "76"]
[EventDate "2016.07.13"]
[EventType "swiss"]
[EventRounds "9"]
[EventCountry "ESP"]
[SourceTitle "Ajedrez en Madrid"]
[Source "lmi"]
[SourceDate "2016.07.13"]
[SourceVersion "1"]
[SourceVersionDate "2019.06.21"]
[SourceQuality "1"]

1. e4 e5 2. f4 d5 3. exd5 e4 4. d3 Nf6 5. dxe4 Nxe4 6. Qe2 Qe7 7. Nc3 Nxc3 8.
bxc3 Bg4 9. Qxe7+ Bxe7 10. h3 Bd7 11. Rb1 c6 12. c4 cxd5 13. cxd5 Bh4+ 14. Kd1
b6 15. Nf3 Bf6 16. Ne5 O-O 17. Nxd7 Nxd7 18. Ba3 Nc5 19. Bxc5 bxc5 20. Bd3 Rad8
21. c4 Rfe8 22. Rb7 Re3 23. Kd2 Rde8 24. Rhb1 Bd8 25. Rxa7 g5 26. Rbb7 Be7 27.
Kxe3 Bd6+ 28. Kf3 gxf4 29. Be4 f5 30. Rg7+ Kh8 31. Rxh7+ Kg8 32. Bxf5 Re3+ 33.
Kf2 Bf8 34. Be6+ Rxe6 35. dxe6 f3 36. gxf3 Bd6 37. Rhd7 Bf8 38. Ra8 Kh8 1-0

[Event "18. Obert Int. Sant Marti 2016 - B"]
[Site "Barcelona ESP"]
[Date "2016.07.13"]
[Round "1.57"]
[White "Martos Martin, Josep Angel"]
[Black "Garcia Punzano, Josep Lluis"]
[Result "1-0"]
[WhiteElo "1981"]
[BlackElo "1785"]
[PlyCount "145"]
[EventDate "2016.07.13"]
[EventType "swiss"]
[EventRounds "9"]
[EventCountry "ESP"]
[SourceTitle "Ajedrez en Madrid"]
[Source "lmi"]
[SourceDate "2016.07.13"]
[SourceVersion "1"]
[SourceVersionDate "2019.06.21"]
[SourceQuality "1"]

1. b3 Nf6 2. Bb2 e6 3. e3 b6 4. Nf3 Bb7 5. Be2 Be7 6. O-O O-O 7. d4 c5 8. c4 d5
9. Nbd2 Nc6 10. Rc1 Rc8 11. Bd3 Re8 12. Bb1 Bd6 13. Ne5 Nd7 14. Bxh7+ Kxh7 15.
Qh5+ Kg8 16. Qxf7+ Kh7 17. Nxd7 Rc7 18. Qh5+ Kg8 19. Ne5 Bxe5 20. dxe5 Nb4 21.
Qg6 Nxa2 22. Ra1 dxc4 23. Nxc4 Nb4 24. Nd6 Ree7 25. Rfd1 Bd5 26. e4 Bxb3 27.
Rd2 Red7 28. Qg3 c4 29. f4 Nd3 30. Bc3 Qe7 31. f5 exf5 32. exf5 Kf8 33. Rf1 b5
34. f6 gxf6 35. Rxf6+ Qxf6 36. exf6 b4 37. f7 Rxf7 38. Nxf7 bxc3 39. Rf2 c2 40.
Ne5+ Ke8 41. Qg8+ Ke7 42. Qf7+ Kd6 43. Qf6+ Kc5 44. Nxd3+ cxd3 45. Qc3+ Kd6 46.
Rf6+ Be6 47. Qxd3+ Ke7 48. Rf1 c1=Q 49. Rxc1 Rxc1+ 50. Kf2 Rc4 51. Qa3+ Kf6 52.
Qxa7 Rc2+ 53. Kg3 Rc3+ 54. Kh4 Rc4+ 55. Kg3 Rc3+ 56. Kf4 Rc4+ 57. Ke3 Rc3+ 58.
Kd2 Rc4 59. Qf2+ Bf5 60. Qb6+ Be6 61. h3 Rc8 62. g4 Rg8 63. Ke3 Rg5 64. Kf4 Rd5
65. h4 Kf7 66. h5 Rd1 67. Qc7+ Rd7 68. Qe5 Rd1 69. Qc7+ Rd7 70. Qc3 Rd1 71. g5
Rf1+ 72. Ke3 Rh1 73. Qf6+ 1-0

[Event "18. Obert Int. Sant Marti 2016 - B"]
[Site "Barcelona ESP"]
[Date "2016.07.14"]
[Round "2.1"]
[White "Ayza Casamitjana, Antoni"]
[Black "Ramal Mata, Rodrigo"]
[Result "1/2-1/2"]
[WhiteElo "1818"]
[BlackElo "1948"]
[PlyCount "114"]
[EventDate "2016.07.13"]
[EventType "swiss"]
[EventRounds "9"]
[EventCountry "ESP"]
[SourceTitle "Ajedrez en Madrid"]
[Source "lmi"]
[SourceDate "2016.07.13"]
[SourceVersion "1"]
[SourceVersionDate "2019.06.21"]
[SourceQuality "1"]

1. e4 d6 2. d4 Nf6 3. Nc3 g6 4. Nf3 Bg7 5. Be2 c5 6. dxc5 Qa5 7. O-O Qxc5 8.
Be3 Qa5 9. h3 O-O 10. Qd2 Nc6 11. Bh6 a6 12. Bxg7 Kxg7 13. a3 b5 14. Bd3 Bb7
15. Rfd1 Rad8 16. b4 Qc7 17. Nd5 Nxd5 18. exd5 Ne5 19. Be2 Nxf3+ 20. Bxf3 e5
21. Rac1 f5 22. Be2 Rc8 23. c4 bxc4 24. Rxc4 Qe7 25. Rdc1 Rxc4 26. Rxc4 Qf7 27.
Qc3 Qf6 28. Rc7+ Rf7 29. Rc6 Bxc6 30. dxc6 Qd8 31. Bxa6 Kf6 32. Bb7 d5 33. a4
d4 34. Qd2 e4 35. a5 Re7 36. a6 Qb6 37. Qa2 e3 38. fxe3 dxe3 39. Qa1+ Kf7 40.
Qa2+ Kf6 41. Qa1+ Kg5 42. Qc1 f4 43. h4+ Kh5 44. Qe1 e2+ 45. Kh2 Qe3 46. c7
Qg3+ 47. Qxg3 fxg3+ 48. Kh3 e1=Q 49. Bf3+ Kh6 50. c8=Q Qh1+ 51. Kxg3 Qe1+ 52.
Kh3 Kg7 53. b5 Qh1+ 54. Kg3 Qe1+ 55. Kh2 Qxh4+ 56. Qh3 Qf4+ 57. Qg3 Qh6+
1/2-1/2

[Event "18. Obert Int. Sant Marti 2016 - B"]
[Site "Barcelona ESP"]
[Date "2016.07.14"]
[Round "2.2"]
[White "Cano Sevila, Ivan"]
[Black "Esteban Lupianez, Jose Miguel"]
[Result "1-0"]
[WhiteElo "1853"]
[BlackElo "1715"]
[PlyCount "79"]
[EventDate "2016.07.13"]
[EventType "swiss"]
[EventRounds "9"]
[EventCountry "ESP"]
[SourceTitle "Ajedrez en Madrid"]
[Source "lmi"]
[SourceDate "2016.07.13"]
[SourceVersion "1"]
[SourceVersionDate "2019.06.21"]
[SourceQuality "1"]

1. e4 c5 2. Nc3 Nc6 3. f4 g6 4. Nf3 Bg7 5. Bc4 e6 6. d3 Nge7 7. O-O a6 8. a4
O-O 9. Qe1 d5 10. Ba2 b5 11. Qh4 f6 12. axb5 axb5 13. exd5 Nxd5 14. Nxd5 Rxa2
15. Rxa2 Qxd5 16. Ra1 Bb7 17. Qg3 Nb4 18. Ne1 f5 19. c3 Nc6 20. Nc2 e5 21. fxe5
Nxe5 22. d4 cxd4 23. Nxd4 Nd3 24. Qf3 Bxd4+ 25. cxd4 Qxd4+ 26. Be3 Bxf3 27.
Bxd4 Be2 28. Ra7 Rd8 29. Rfa1 Rxd4 30. Re7 Ra4 31. Rxa4 bxa4 32. Rxe2 Kf7 33.
Rd2 Nf4 34. Kf1 Ne6 35. Rd7+ Kg8 36. g3 h5 37. Kf2 Kf8 38. Kf3 Ke8 39. Ra7 Nc5
40. Kf4 1-0

[Event "18. Obert Int. Sant Marti 2016 - B"]
[Site "Barcelona ESP"]
[Date "2016.07.14"]
[Round "2.4"]
[White "Cardenas, Fernando Adrian"]
[Black "Colom Andres, Xavier"]
[Result "1/2-1/2"]
[WhiteElo "1943"]
[BlackElo "1812"]
[PlyCount "86"]
[EventDate "2016.07.13"]
[EventType "swiss"]
[EventRounds "9"]
[EventCountry "ESP"]
[SourceTitle "Ajedrez en Madrid"]
[Source "lmi"]
[SourceDate "2016.07.13"]
[SourceVersion "1"]
[SourceVersionDate "2019.06.21"]
[SourceQuality "1"]

1. d4 d5 2. Nf3 c6 3. e3 Nf6 4. c4 Bf5 5. Nc3 e6 6. Nh4 Bg6 7. Qb3 Qc7 8. Bd2
Nbd7 9. cxd5 exd5 10. Nxg6 hxg6 11. Rc1 Rc8 12. g3 Be7 13. Bg2 Nb6 14. O-O O-O
15. Na4 Nc4 16. Bb4 Rfe8 17. Bxe7 Rxe7 18. Qb4 g5 19. Qc3 Nd6 20. Nc5 Nde4 21.
Qd3 Nd6 22. Rfe1 Nfe4 23. b3 Rce8 24. f3 Nxc5 25. Rxc5 Nf5 26. e4 b6 27. Rcc1
dxe4 28. fxe4 Qd6 29. Rcd1 c5 30. dxc5 Qxc5+ 31. Kh1 Nh6 32. h3 Qe5 33. Rf1 f6
34. Qd5+ Nf7 35. Kh2 Kf8 36. Qc6 Re6 37. Qb7 Rb8 38. Qxa7 Re7 39. Rd7 Rxd7 40.
Qxd7 Rd8 41. Qc6 Qd4 42. Rc1 Ne5 43. Qc2 Qd2 1/2-1/2

[Event "18. Obert Int. Sant Marti 2016 - B"]
[Site "Barcelona ESP"]
[Date "2016.07.14"]
[Round "2.5"]
[White "Pujal Moncho, Joaquim"]
[Black "Minguell Soler, Joan"]
[Result "1/2-1/2"]
[WhiteElo "1805"]
[BlackElo "1942"]
[PlyCount "51"]
[EventDate "2016.07.13"]
[EventType "swiss"]
[EventRounds "9"]
[EventCountry "ESP"]
[SourceTitle "Ajedrez en Madrid"]
[Source "lmi"]
[SourceDate "2016.07.13"]
[SourceVersion "1"]
[SourceVersionDate "2019.06.21"]
[SourceQuality "1"]

1. c4 Nf6 2. Nc3 d5 3. cxd5 Nxd5 4. e4 Nxc3 5. bxc3 g6 6. d4 Bg7 7. Nf3 O-O 8.
Be2 c5 9. O-O Nc6 10. Bb2 Qa5 11. d5 Ne5 12. Nxe5 Bxe5 13. Qb3 Qc7 14. g3 e6
15. c4 Re8 16. Bxe5 Qxe5 17. Bf3 exd5 18. cxd5 Bh3 19. Rfe1 b6 20. Bg2 Bxg2 21.
Kxg2 Rac8 22. f4 Qd4 23. Rad1 Qb4 24. e5 Red8 25. d6 Qxb3 26. axb3 1/2-1/2

[Event "18. Obert Int. Sant Marti 2016 - B"]
[Site "Barcelona ESP"]
[Date "2016.07.14"]
[Round "2.6"]
[White "Quero Ortega, Juan"]
[Black "Martin Vilanova, Jordi"]
[Result "0-1"]
[WhiteElo "1805"]
[BlackElo "1919"]
[PlyCount "80"]
[EventDate "2016.07.13"]
[EventType "swiss"]
[EventRounds "9"]
[EventCountry "ESP"]
[SourceTitle "Ajedrez en Madrid"]
[Source "lmi"]
[SourceDate "2016.07.13"]
[SourceVersion "1"]
[SourceVersionDate "2019.06.21"]
[SourceQuality "1"]

1. c4 e6 2. Nc3 d5 3. cxd5 exd5 4. d4 f5 5. g3 c6 6. Bg2 Nf6 7. Nf3 Bd6 8. O-O
O-O 9. e3 Nbd7 10. b3 Ne4 11. Bb2 Qe7 12. Rc1 Ndf6 13. Na4 Bd7 14. Ne5 Be8 15.
Nf3 Bh5 16. Qc2 Ng4 17. Nc5 Rae8 18. Ne5 Nxc5 19. Nxg4 Nxb3 20. Nh6+ gxh6 21.
Qxb3 Be2 22. Rfe1 Bc4 23. Qa4 b5 24. Qc2 a5 25. Ra1 h5 26. h4 Rf6 27. a3 b4 28.
axb4 axb4 29. Qa4 Qc7 30. Qc2 b3 31. Qd2 Rb8 32. Rec1 Rg6 33. Qe1 Bb4 34. Qd1
Kh8 35. e4 fxe4 36. Bxe4 Rxg3+ 37. fxg3 Qxg3+ 38. Bg2 Rg8 39. Rc2 bxc2 40. Qxc2
Bd6 0-1

[Event "18. Obert Int. Sant Marti 2016 - B"]
[Site "Barcelona ESP"]
[Date "2016.07.14"]
[Round "2.8"]
[White "Riera Danes, Manel"]
[Black "Lozano Ruiz, David"]
[Result "1/2-1/2"]
[WhiteElo "1916"]
[BlackElo "1796"]
[PlyCount "37"]
[EventDate "2016.07.13"]
[EventType "swiss"]
[EventRounds "9"]
[EventCountry "ESP"]
[SourceTitle "Ajedrez en Madrid"]
[Source "lmi"]
[SourceDate "2016.07.13"]
[SourceVersion "1"]
[SourceVersionDate "2019.06.21"]
[SourceQuality "1"]

1. e4 e6 2. d4 d5 3. Nd2 c5 4. exd5 Qxd5 5. Ngf3 cxd4 6. Bc4 Qd6 7. O-O Nf6 8.
Nb3 Nc6 9. Nbxd4 Nxd4 10. Nxd4 Be7 11. Nb5 Qc6 12. Qe2 O-O 13. Bf4 Bd7 14. Rad1
a6 15. Nd4 Qb6 16. Be5 Bc6 17. Nxc6 Qxc6 18. Bb3 Rfd8 19. c3 1/2-1/2

[Event "18. Obert Int. Sant Marti 2016 - B"]
[Site "Barcelona ESP"]
[Date "2016.07.14"]
[Round "2.9"]
[White "Martinez Hernandez, Emili"]
[Black "Carrey Abellan, Enric"]
[Result "1-0"]
[WhiteElo "1796"]
[BlackElo "1911"]
[PlyCount "67"]
[EventDate "2016.07.13"]
[EventType "swiss"]
[EventRounds "9"]
[EventCountry "ESP"]
[SourceTitle "Ajedrez en Madrid"]
[Source "lmi"]
[SourceDate "2016.07.13"]
[SourceVersion "1"]
[SourceVersionDate "2019.06.21"]
[SourceQuality "1"]

1. d4 Nf6 2. Bg5 e6 3. e3 Be7 4. Bd3 b6 5. Qe2 Bb7 6. f3 d5 7. Nd2 Nbd7 8. f4
O-O 9. Ngf3 c5 10. c3 Rc8 11. O-O h6 12. Bxf6 Nxf6 13. Ne5 Ne4 14. Nxe4 dxe4
15. Ba6 Qc7 16. a4 Bd6 17. a5 Bxe5 18. fxe5 Rb8 19. axb6 axb6 20. Bxb7 Rxb7 21.
Qc2 cxd4 22. exd4 Qc6 23. Rf4 e3 24. Rf3 Rd8 25. Qe2 b5 26. Qxe3 b4 27. Rg3 Kh8
28. Rf1 bxc3 29. bxc3 Qc4 30. h3 Rc8 31. Rf6 h5 32. Rh6+ Kg8 33. Rxg7+ Kf8 34.
Qg5 1-0